Valoración de la efectividad de los diafragmas intermedios para soportar fuerzas sísmicas en puentes con superestructuras de concreto

Сохранить в:
Библиографические подробности
Главный автор: Quirós Ivankovich, Sofía, 1996-
Другие авторы: Fernández Chaves, Carlos Director del TFG
Формат:
Язык:Spanish
Опубликовано: San José, Costa Rica 2020
Предметы:
Метки: Добавить метку
Нет меток, Требуется 1-ая метка записи!

MARC

LEADER 00000nam a2200000Ia 4500
003 013258
005 20230317102945.0
008 140114s2020 cr a 000 ||spa d
040 |c cru CEDI 
100 |a Quirós Ivankovich, Sofía, 1996-  |9 282 
245 |a Valoración de la efectividad de los diafragmas intermedios para soportar fuerzas sísmicas en puentes con superestructuras de concreto 
260 |a San José, Costa Rica  |c 2020 
500 |a Proyecto de graduación (licenciatura en ingeniería civil)--Universidad de Costa Rica. Facultad de Ingeniería. Escuela de Ingeniería Civil 
501 |a Director de Proyecto de Graduación: Ing. Carlos Fernández Chaves M.Sc. 
650 |x DIAFRAGMAS (INGENIERIA ESTRUCTURAL) - EVALUACION   |x DINAMICA DE ESTRUCTURAS - EVALUACION   |x ANALISIS ESTRUCTURAL (INGENIERIA)  |x PUENTES DE HORMIGON - EFECTOS SISMICOS - EVALUACION   |x RESISTENCIA A LOS TERREMOTOS - EVALUACION  
700 |9 230  |a Fernández Chaves, Carlos  |d Director del TFG  
942 |c CEDI  |h TFG 8409  |6 TFG_8409_000000000000000 
999 |c 12970  |d 12970